عرض عادي عرض مارك
  • علم المعلومات

مدخل مصطلح موضوعي

عدد التسجيلات المستخدمة في: 1

001 - رقم الضبط

  • حقل الضبط: 82664

003 - معرف رقم الضبط

  • حقل الضبط: OSt

005 - تاريخ ووقت أخر عملية

  • حقل الضبط: 20200121163216.0

008 - عناصر بيانات ثابتة الطول

  • حقل تحكم ثابت الطول: 200121|| aca||aabn | a|a d

040 ## - مصدر الفهرسة

  • هيئة الفهرسة الأصلية: OSt
  • وكالة الكتابة: OSt

150 ## - مدخل-- مصطلح تاريخي

  • عنصر مدخل المصطلح الموضوعي او الاسم الجغرافي: علم المعلومات

670 ## - بيانات المصدر موجوده

  • الاستشهاد بالمصدر: Work cat.: (OSt)78381: عبد الهادي، محمد فتحي، 1943- مؤلف. 82663, أساسيات علم المعلومات /